Promotions de l'École Spéciale Militaire de Saint-Cyr. - Statistiques

Statistiques générales
  • Ce quiz a été pris 20 fois
    17 depuis la dernière actualisation
  • Le résultat moyen est 30 sur 201
Statistiques - réponses
Hint Réponse % Correct
2019-2022 Capitaine Anjot
86%
2021-2024 Colonel Le Cocq
86%
2024-2027 Général Desaix
86%
2023-2026 Capitaine Desserteaux
71%
2022-2025 Capitaine Goupil
71%
2018-2021 Compagnons de la Libération
71%
2020-2023 Général Caillaud
71%
2016-2019 Général Loustaunau-Lacau
71%
1830-1832 du Firmament
57%
2017-2020 Général Fourcade
57%
2013-2016 Capitaine Hervouët
43%
2014-2017 Chef d'escadrons de Neuchèze
43%
2012-2015 des lieutenants Thomazo
43%
2015-2018 Général Saint-Hillier
43%
2025-2028 Jamais
43%
2005-2008 Capitaine Beaumont
29%
1835-1837 de la Comète
29%
1913-1914 de la Croix du Drapeau
29%
1914 de la Grande Revanche
29%
1912-1914 de Montmirail
29%
1911-1914 des Marie-Louise
29%
1902-1904 du Sud-Oranais
29%
2011-2014 Général et sous-lieutenant de Castelnau
29%
2003-2006 Général Simon
29%
2004-2007 Lieutenant Brunbrouck
29%
2007-2010 Lieutenant Carrelet de Loisy
29%
2009-2012 Capitaine de Cacqueray
14%
1992-1995 Capitaine Stéphane
14%
1962-1964 Centenaire de Camerone
14%
1953-1955 Ceux de Diên Biên Phu
14%
1941-1942 Charles de Foucauld
14%
2010-2013 Chef de bataillon Bulle
14%
2006-2009 Chef de bataillon Segrétain
14%
2008-2011 Chef d'escadrons Francoville
14%
1998-2001 Chef d'escadrons Raffalli
14%
1995-1998 Colonel Cazeilles
14%
1994-1997 Commandant Morin
14%
1894-1896 d'Alexandre III
14%
1872-1873 d'Alsace-Lorraine
14%
1897-1899 de Bourbaki
14%
1886-1888 de Châlons
14%
1837-1839 de Constantine
14%
1854-1856 de Crimée
14%
1890-1892 de Cronstadt
14%
1844-1846 de Djemmah
14%
1856-1858 de Djurdjura
14%
1909-1912 de Fès
14%
1884-1886 de Fou Tchéou
14%
1881-1883 d'Égypte
14%
1848-1850 de Hongrie
14%
1893-1895 de Jeanne d'Arc
14%
1850-1852 de Kabylie
14%
1920-1921 de la Dernière de la Grande Guerre
14%
1920-1922 de la Devise du Drapeau
14%
1919-1921 de la Garde au Rhin
14%
1851-1853 de l'Aigle
14%
1910-1913 de la Moskova
14%
1841-1843 de la Nécessité
14%
1885-1887 de l'Annam
14%
1838-1840 de l'An Quarante
14%
1938-1939 de la Plus Grande France
14%
1873-1875 de l'Archiduc Albert
14%
1847-1849 de la République
14%
1870-1872 de la Revanche
14%
1903-1905 de La Tour-d'Auvergne
14%
1918-1920 de la Victoire
14%
1852-1854 de l'Empire
14%
1857-1859 de l'Indoustan
14%
1836-1838 de l'Obélisque
14%
1883-1885 de Madagascar
14%
1908-1911 de Mauritanie
14%
1839-1841 de Mazagran
14%
1867-1869 de Mentana
14%
1922-1924 de Metz et Strasbourg
14%
1859-1861 de Nice et Savoie
14%
1877-1879 de Novi Bazar
14%
1876-1878 de Plewna
14%
1857-1858 de Prince Impérial
14%
1862-1864 de Puebla
14%
1875-1877 Dernière de Wagram
14%
1917-1918 de Sainte Odile
14%
1840-1842 des Cendres
14%
1919-1920 des Croix de Guerre 1914-1918
14%
1879-1881 des Drapeaux
14%
1916-1917 des Drapeaux et de l'Amitié Américaine
14%
1855-1856 de Sébastopol
14%
1880-1882 des Kroumirs
14%
1858-1860 de Solférino
14%
1882-1884 des Pavillons noirs
14%
1868-1870 de Suez
14%
1878-1880 des Zoulous
14%
1895-1897 de Tananarive
14%
1887-1889 de Tombouctou
14%
1853-1855 de Turquie
14%
1865-1867 de Vénétie
14%
1849-1851 de Zaatcha
14%
1845-1847 d'Ibrahim
14%
1899-1901 d'In Salah
14%
1843-1845 d'Isly
14%
1846-1848 d'Italie
14%
1864-1866 d'Oajaca
14%
1841-1843 d'Orient
14%
1869-1871 du 14 août 1870
14%
1999-2002 du Bicentenaire de Saint-Cyr
14%
1860-1862 du Céleste Empire
14%
1906-1909 du Centenaire
14%
1904-1906 du Centenaire d'Austerlitz
14%
1901-1903 du centenaire de la Légion d'honneur
14%
1923-1925 du Chevalier Bayard
14%
1889-1891 du Dahomey
14%
1863-1865 du Danemark
14%
1888-1890 du Grand Triomphe
14%
1927-1929 du Maréchal Gallieni
14%
1907-1910 du Maroc
14%
1925-1927 du Maroc et Syrie
14%
1861-1863 du Mexique
14%
1924-1926 du Rif
14%
1872-1874 du Shah
14%
1892-1894 du Siam
14%
1891-1893 du Soudan
14%
1926-1928 du Sous-Lieutenant Pol Lapeyre
14%
1921-1923 du Souvenir
14%
1866-1868 du Sultan
14%
1900-1902 du Tchad
14%
1842-1844 du Tremblement
14%
1997-2000 France combattante
14%
1949-1951 Garigliano
14%
2000-2003 Général Béthouart
14%
2002-2005 Général de Galbert
14%
1970-1972 Général de Gaulle
14%
1990-1993 Général Guillaume
14%
1996-1999 Général Lalande
14%
1946-1948 Général Leclerc
14%
2001-2004 Général Vanbremeersch
14%
1905-1907 la Dernière du Vieux Bahut
14%
1917-1918 La Fayette
14%
1874-1876 la Grande Promotion
14%
1896-1898 la Première des Grandes Manœuvres
14%
1974-1976 Lieutenant Darthenay
14%
1987-1990 Lieutenant Morel
14%
1898-1900 Marchand
14%
1993-1996 Maréchal Lannes
14%
1940-1942 Maréchal Pétain
14%
1937-1939 Marne et Verdun
14%
1945-1947 Nouveau Bahut
14%
1947-1949 Rhin et Danube
14%
juin 1944 18 juin
0%
1939-1940 Amitié Franco-Britannique
0%
décembre 1942 Bir Hakeim
0%
1961-1963 Bir Hakeim
0%
1967-1969 Brunet de Sairigné
0%
1985-1988 Cadets de la France libre
0%
1971-1973 Capitaine Danjou
0%
1976-1978 Capitaine de Cathelineau
0%
1975-1977 Capitaine Guilleminot
0%
1989-1992 Capitaine Hamacek
0%
1991-1994 Chef de bataillon de Cointet
0%
1963-1965 Cinquantenaire du Serment de 1914
0%
1964-1966 Corse et Provence
0%
décembre 1943 Corse et Savoie
0%
1942 Croix de Provence
0%
1932-1934 de Bournazel
0%
1972-1974 de Linares
0%
1928-1930 du Maréchal Foch
0%
1935-1937 du Maréchal Lyautey
0%
1933-1935 du Roi Albert 1er
0%
1934-1936 du Roi Alexandre 1er
0%
1936-1938 du Soldat inconnu
0%
1931-1933 du Tafilalet
0%
1950-1952 Extrême-Orient
0%
juin 1943 Fezzan-Tunisie
0%
1955-1957 Franchet d'Espèrey
0%
1986-1989 Général Callies
0%
1988-1991 Général Delestraint
0%
1982-1985 Général de Monsabert
0%
1948-1950 Général Frère
0%
1969-1971 Général Gilles
0%
1956-1958 Général Laperrine
0%
1979-1981 Général Lasalle
0%
1984-1987 Général Monclar
0%
1978-1980 Général Rollet
0%
1981-1983 Grande Armée
0%
1930-1932 Joffre
0%
juin 1942 Libération
0%
1954-1956 Lieutenant-colonel Amilakvari
0%
1965-1967 Lieutenant-colonel Driant
0%
1983-1986 Lieutenant-colonel Gaucher
0%
1959-1961 Lieutenant-colonel Jeanpierre
0%
1929-1931 Mangin
0%
1958-1960 Maréchal Bugeaud
0%
1977-1979 Maréchal Davout
0%
1951-1953 Maréchal de Lattre
0%
1973-1975 Maréchal de Turenne
0%
1966-1968 Maréchal Juin
0%
1980-1982 Montcalm
0%
1944 Rome et Strasbourg
0%
1968-1970 Souvenir de Napoléon
0%
1957-1959 Terre d'Afrique
0%
1952-1954 Union française
0%
1943 Veille au Drapeau
0%
1960-1962 Vercors
0%
Aucun quiz correspondant
Distribution des résultats
% des personnes avec chaque résultat
Percentile par nombre de réponses
Votre historique - résultats
Vous n’avez pas pris ce quiz depuis la dernière actualisation